| 000 | 00587nam a2200193 a 4500 | ||
|---|---|---|---|
| 001 | 000046953 | ||
| 005 | 20201002053234.0 | ||
| 008 | 180409s2015 dr a 000 0 spa d | ||
| 020 | _a9789945123401 | ||
| 040 |
_aDO-SdBNP _bspa _cBNPHU |
||
| 082 |
_axxxx _bA795L |
||
| 100 | 1 |
_aArvelo, Thelma _974859 |
|
| 245 | 1 | 0 |
_aLengua española 2 : _bnivel primario / _cThelma Arvelo. |
| 260 |
_aSanto Domingo : _bSusaeta, _c2015. |
||
| 300 |
_a208p. : _bil. ; _c28 cm. |
||
| 500 | _aEnfoque por competencias. Nuevo curriculo. | ||
| 504 | _aBibliografía: p. 208 | ||
| 590 | _aInventariado, 2018/MFF | ||
| 999 |
_c46441 _d46441 |
||